00319nam a2200133Ia 45000030006000000080041000060400015000471000027000622450026000892500010001152600031001255460012001560050017001680STCL150530s9999 xx 000 0 und d aSTCLcSTCL aHerbert Leslie Stewart aSir Winston Churchill aFirst bSidgwick and Jacksonc1954 aEnglish20220125171411.0